Library Banner

Teaching tips for part-time teachers (Record no. 52821)

MARC details
000 -LEADER
fixed length control field 00487nam a2200193Ia 4500
001 - CONTROL NUMBER
control field 55483
008 - FIXED-LENGTH DATA ELEMENTS--GENERAL INFORMATION
fixed length control field 140505s9999 xx 000 0 und d
020 ## - INTERNATIONAL STANDARD BOOK NUMBER
International Standard Book Number NA
040 ## - CATALOGING SOURCE
Transcribing agency PK-LaUMT
082 ## - DEWEY DECIMAL CLASSIFICATION NUMBER
Classification number MAL 371.1
Item number TAY-T
100 ## - MAIN ENTRY--PERSONAL NAME
Personal name Taylor, Vernon L.
245 ## - TITLE STATEMENT
Title Teaching tips for part-time teachers
Statement of responsibility, etc Taylor, Vernon L.
250 ## - EDITION STATEMENT
Edition statement 2nd
260 ## - PUBLICATION, DISTRIBUTION, ETC. (IMPRINT)
Place of publication, distribution, etc Middletwon,usa:
Name of publisher, distributor, etc Key Productions Publishing Dept.,
Date of publication, distribution, etc 1974
300 ## - PHYSICAL DESCRIPTION
Extent 94 p.
546 ## - LANGUAGE NOTE
Language note EN
650 ## - SUBJECT ADDED ENTRY--TOPICAL TERM
Topical term or geographic name as entry element Teaching
942 ## - ADDED ENTRY ELEMENTS (KOHA)
Koha item type Books
Holdings
Withdrawn status Lost status Damaged status Not for loan Home library Current library Date acquired Total Checkouts Full call number Barcode Date last seen Price effective from Koha item type
        UMT Main Campus UMT Main Campus 2014-05-05   MAL 371.1 TAY-T 75170 2014-05-08 2014-05-08 Books